| 000 | 00890nam a22002777a 4500 | ||
|---|---|---|---|
| 003 | dpl | ||
| 005 | 20240726150013.0 | ||
| 008 | 240305b |||||||| |||| 00| 0 eng d | ||
| 010 | _aENG-141014 ENG-141014 | ||
| 020 |
_a9789354792878 _c1395.00 |
||
| 035 | _aEN-124546 | ||
| 035 | _aEN-124546 | ||
| 037 | _bDBAD | ||
| 040 | _c. | ||
| 082 | _a610.073 | ||
| 100 |
_aPOORNIMA BHOLA CHETNA DUGGAL RATHNA ISAAC _962808 |
||
| 245 | _aREFLECTIVE PRACTICE AND PROFESSIONAL DEVELOPMENT IN PSYCHOTHERAPY | ||
| 260 |
_aNew Delhi _bSage publications _c2022 |
||
| 270 |
_aB1/L-1 , MOHAN Cooperative Industrial _bNew Delhi _e110044 |
||
| 300 |
_a351Pages _c22cm,(hb) |
||
| 700 |
_aDevanshu Gupta _962809 _eAuthor |
||
| 700 |
_aC.Raghunathan _962810 _eAuthor |
||
| 700 |
_aSanjeev Kumar _962811 _eAuthor |
||
| 700 |
_aJagdish Saini _962818 |
||
| 942 |
_2ddc _cEN _h610.73 _mBHU |
||
| 999 |
_c204544 _d204544 |
||